Activist By Picture - Statistics

General Stats
  • This quiz has been taken 10 times
  • The average score is 5 of 14
Answer Stats
Picture Answer % Correct
Malcolm X
88%
Nelson Mandela
88%
MLK
75%
George Jackson
38%
James Baldwin
38%
Marcus Garvey
38%
Patrice Lamumba
38%
Fred Hampton
25%
Huey P Newton
25%
Kwame Ture
25%
Assata Shakur
13%
Bobby Hutton
13%
Louis Farrakhan
13%
Steve Biko
13%
No matching quizzes found
Score Distribution
Percent of People with Each Score
Percentile by Number Answered
Your Score History
You have not taken this quiz